000 03929cam a22006374i 4500
003 PE-LiUPU
005 20250731173428.0
008 150706s2011 pe r 000 0 spa d
020 _a9789972604485
035 _a(Sirsi) a52121
040 _aPE-LiUPU
_bspa
_cPE-LiUPU
_erda
049 _aPRUA
082 0 4 _a261.835
_bB17
_220
082 0 4 _a241.6765
_bB17
_221
100 1 _aBalabarca Cárdenas, Yván,
_eautor.
245 1 0 _a20 preguntas que debes formular a tu novia antes de casarte /
_cYván Balabarca Cárdenas.
246 3 _aVeinte preguntas que debes formular a tu novia antes de casarte
250 _a2a ed.
264 1 _aLima :
_b[Editorial Imprenta Unión],
_c2011.
300 _a96 páginas ;
_c20 centímetros
336 _atext
_2rdacontent
337 _aunmediated
_2rdamedia
338 _avolume
_2rdacarrier
505 0 _a¿Tus padres fueron violentos contigo? -- ¿Dónde piensas vivir? -- ¿Qué esperas de mí como cónyuge? -- ¿Cómo vas de salud? -- ¿Cómo manejas tus emociones negativas? -- ¿Qué número de hermano eres? -- ¿Tienes planes de seguir estudiando? -- ¿Cuántos amigos tienes? -- ¿Por qué es tan importante el noviazgo, no basta con ser enamorados? -- ¿Has sido adicto a algo? -- ¿Practicas tu cristianismo? -- ¿Cómo es tu día libre perfecto? -- ¿Cómo se tratan tus padres? -- ¿Cuántos hijos quieres tener? -- ¿Qué deportes practicas? -- ¿Cómo gastas tu dinero? -- ¿Qué esperas de mí como esposo o esposa? (Pregúntaselo de nuevo) -- ¿Tienes algún familiar enfermo? -- ¿Cómo vas de autoestima? -- Más temas de diálogo -- Tu matrimonio los 10 primeros años
526 _aSEG42
526 _aSEG41
526 _aSEG40
526 _aSEG39
526 _aP94
526 _aP87
526 _aP86
526 _aP85
526 _aP77
526 _aP76
526 _aP35
650 0 4 _aNoviazgo
_xCristianismo.
650 0 4 _aMatrimonio.
_92383
910 _agl
_bjv
_cjck
_d20111213
942 _2ddc
_cBOOK
949 _a241.6765 B17
_wDEWEY
_c1
_i68414
_lCCODEBUL1
_mBUL
_p10.00
_r0
_sY
_tLIBRO
_u2015-07-06
_xBIBLIOTECA
_zUNKNOWN
_o.STAFF. Colección General
949 _a241.6765 B17
_wDEWEY
_c2
_i66503
_lCCODEBUL1
_mBUL
_p07.00
_r0
_sY
_tLIBRO
_u2015-07-06
_xBIBLIOTECA
_zUNKNOWN
_o.STAFF. Colección General
949 _a241.6765 B17
_wDEWEY
_c3
_i66504
_lCCODEBUL1
_mBUL
_p07.00
_r0
_sY
_tLIBRO
_u2015-07-06
_xBIBLIOTECA
_zUNKNOWN
_o.STAFF. Colección General
949 _a241.6765 B17
_wLC
_c1
_iCW00272
_lCIW
_mBUL
_p00.00
_r1
_sY
_tBOOK
_u2017-03-23
_xWHITE
_zUNKNOWN
_0COMPRA
_o.STAFF. Centro White
994 _aC0
_bPEPRU
596 _a1 4
999 _a241.6765 B17
_wDEWEY
_c54719
_i68414
_lLOST
_mBUL
_p10.00
_r1
_sY
_tBOOK
_u2015-7-6
_xTEOLOGIA
_zUNKNOWN
_o.STAFF. Colección General
_d54719
999 _a241.6765 B17
_wDEWEY
_c2
_i66503
_d2018-11-21
_e2018-11-16
_f2021-11-10
_g5
_lCCODEBUL1
_mBUL
_n4
_p7.00
_r0
_sY
_tBOOK
_u2015-7-6
_xTEOLOGIA
_zUNKNOWN
_0COMPRA
_o.STAFF. Colección Teología
999 _a241.6765 B17
_wDEWEY
_c3
_i66504
_d2018-5-28
_e2018-5-14
_f2021-11-10
_g5
_lCCODEBUL1
_mBUL
_n7
_p7.00
_r0
_sY
_tBOOK
_u2015-7-6
_xTEOLOGIA
_zUNKNOWN
_0COMPRA
_o.STAFF. Colección General
999 _a261.835 B17 2016
_wDEWEY
_c1
_iCW00272
_f2021-12-22
_g2
_lCCODECWL1
_mBWL
_p7.00
_r0
_sY
_tBOOK
_u2017-3-23
_xWHITE
_zUNKNOWN
_0COMPRA
_o.STAFF. Centro White
999 _a261.835 B17 2016
_wDEWEY
_c2
_iCW00312
_f2021-12-22
_g2
_lCCODECWL1
_mBWL
_r0
_sY
_tBOOK
_u2017-4-16
_xWHITE
_zUNKNOWN
_0COMPRA
_o.STAFF. Centro White
999 _a261.835 B17 2013
_wDEWEY
_c1
_iCW50975
_f2021-12-22
_g1
_lCCODECWL1
_mBWL
_p10.00
_r0
_sY
_tBOOK
_u2018-7-24
_xWHITE
_zUNKNOWN
_0COMPRA
_o.STAFF. Centro White
980 _81
_gALBERTO SANCHEZ Responsable de Automatización